BIBLIOTECA

SENCICO

Cómo seleccionar nuestro personal : técnicas modernas de selección (Registro nro. 1532)

Detalles MARC
000 -LEADER
fixed length control field 00552nam a2200217Ia 4500
005 - DATE AND TIME OF LATEST TRANSACTION
control field 20251020182514.0
008 - FIXED-LENGTH DATA ELEMENTS--GENERAL INFORMATION
fixed length control field 200515s9999 xx 000 0 und d
020 ## - INTERNATIONAL STANDARD BOOK NUMBER
International Standard Book Number 84-7087-005-X
082 ## - DEWEY DECIMAL CLASSIFICATION NUMBER
Classification number 658.31/B57
100 ## - MAIN ENTRY--PERSONAL NAME
Personal name Blanco Cohen, C.
245 #0 - TITLE STATEMENT
Title Cómo seleccionar nuestro personal : técnicas modernas de selección
250 ## - EDITION STATEMENT
Edition statement 4a ed.
260 ## - PUBLICATION, DISTRIBUTION, ETC.
Place of publication, distribution, etc. Zaragoza
260 ## - PUBLICATION, DISTRIBUTION, ETC.
Name of publisher, distributor, etc. Editorial Distresa, S. A.
260 ## - PUBLICATION, DISTRIBUTION, ETC.
Date of publication, distribution, etc. 1982
300 ## - PHYSICAL DESCRIPTION
Extent 214 p.
500 ## - GENERAL NOTE
General note 1 ejemplar
650 ## - SUBJECT ADDED ENTRY--TOPICAL TERM
Topical term or geographic name entry element SELECCION DE PERSONAL
942 ## - ADDED ENTRY ELEMENTS (KOHA)
Koha item type Libros
Existencias
Fecha de la última vez que lo usaron Pago total Signatura topográfica completa Código de barras Precio efectivo desde Tipo de documento Estado perdido Estado dañado No es para préstamo Retirado Ubicación permanente Ubicación actual Fecha de adquisición
15/05/2020   658.31/B57 Bib-Lima15051532 15/05/2020 Libros         Biblioteca Central Lima Biblioteca Central Lima 15/05/2020